Poezie ve Slovenském spisovateli (edičná činnosť vydavateľstva Slovenský spisovateľ)

Bibliographic Details
Format: Article
Language:Slovak
Czech
Subjects:

MARC

LEADER 00000nab a2200000 ar4500
001 vtls010110485
003 SK-MaSNL
005 20260305015753.0
008 100629c19720311xo ||||||||||||00 b|slo
015 |a SNBRB1973  |2 snkbucl 
038 |a SNKBUCL 
040 |a SNKBUCL  |b slo  |c SNKBUCL  |e AACR2 
041 0 |a cze 
044 |a xo  |c SK 
080 |a 655.4/.5  |x (437.6)  |2 2001 
245 0 0 |a Poezie ve Slovenském spisovateli  |b (edičná činnosť vydavateľstva Slovenský spisovateľ)  |c [autor] (fa) 
610 2 7 |a Slovenský spisovateľ (vydavateľstvo)  |2 snkbucl  |9 154446 
773 0 |t Rovnost  |g (3.11.1972), s. 5 
852 |a SNK  |b KIS3GCP 
958 |a KL 
958 |a SK 
999 |c 3276972  |d 3278902